00993nam a2200277Ia 450000500170000000800410001702000150005804100080007308200150008110000200009624500780011625000220019430000330021649000370024950400380028665000510032465000670037565000330044265000310047570000370050626400490054333600270059233700330061933800280065204000350068020220316235605.0121119s1997 ck gr 000 0 spa  a95838007080 aspa04a330 bB21t1 aBecker, Gary S.10aTeoría económicacGary S. Becker ; traducciòn, Ana Catalina Mayoral aPrimera edición a277 páginasbilustraciones0 aSección de obras de economía aBibliografía: páginas 266-27114aEconomíaxProblemas, ejercicios, etc. 2LEMB14aMatemáticas financieras xProblemas, ejercicios, etc. 2LEMB14aEconomía xTeorías2LEMB14aTeoría económica2LEMB1 aMayoral, Ana Catalinaetraductor aBogotábFondo de Cultura Económicac1997 atextobtxt2rdacontent asin mediaciónbn2rdamedia avolumenbnc2rdacarrier aCO-BoRNBPbspaerdacCO-BoRNBP